|
|
|
|
| LEADER |
00962ncm a22002652a 4500 |
| 001 |
000409941 |
| 003 |
CZ BrMZK |
| 005 |
20101015092439.0 |
| 007 |
qu |
| 008 |
990305s1905 au f ger d |
| 040 |
|
|
|a BOA001
|b cze
|
| 041 |
0 |
|
|a ger
|a eng
|
| 072 |
|
7 |
|a 784
|x Vokální hudba
|2 Konspekt
|9 9
|
| 100 |
1 |
|
|a Mahler, Gustav,
|d 1860-1911
|7 jn19990009922
|4 cmp
|
| 245 |
1 |
0 |
|a Kindertotenlieder
|h [hudebnina] /
|c Gustav Mahler ; gedichte von Friedrich Rückert
|
| 260 |
|
|
|a Wien :
|b Wiener Philharmonischer Verlag,
|c 1905
|
| 300 |
|
|
|a 1 partitura (86 s.)
|
| 490 |
1 |
|
|a Philharmonia Partituren-Scores-Partitions ;
|v No 252
|
| 500 |
|
|
|a Text skladby německy a anglicky
|
| 700 |
1 |
|
|a Rückert, Friedrich,
|d 1788-1866
|7 jn20000701548
|4 lyr
|
| 830 |
|
0 |
|a Philharmonia Partituren-Scores-Partitions
|
| 910 |
|
|
|a BOA001
|b Mus1-0314.832
|
| 990 |
|
|
|a MU
|
| 991 |
|
|
|b 201007
|
| 996 |
6 |
|
|b 2619770401
|c Mus1-0314.832
|l MZK
|r Sklad / do 1 hodiny
|n 3
|w 000409941
|u 000010
|a 1
|e BOA001
|j MZK50
|s P
|